00305nam a2200133Ia 4500003000400000008004100004082001600045100002100061245003500082250000800117260002900125300000900154650000800163OSt191201s2009 xx 000 0 und d a658.15bEIM aEITEMAN, David K 0aMultinational Business Finance aIMP aNew DelhibPearsonc2009 aMISC aMBA